Reforma educativa, vía para la transformación. Propuesta desarrollada en torno a un estudio de caso en el estado de Yucatán.

Gorde:
Xehetasun bibliografikoak
Egile nagusia: Peraza Guzmán, Armando (autor)
Formatua: Liburua
Hizkuntza:gaztelania
Saila:(Educación; 23)
Gaiak:
Etiketak: Etiketa erantsi
Etiketarik gabe, Izan zaitez lehena erregistro honi etiketa jartzen!

MARC

LEADER 00000nam^a2200000^u^4500
001 000518498
005 20250521000000.0
008 110805s1000^^^^^^^^^^^^r^^^^^000^0^spa^d
009 20260310130419.621
022 |a 9707020865 
035 |a FCE 000062729 
037 |a Acervo ITESO - Biblioteca 
041 |a spa 
082 0 4 |a 370.97291  |b PERr 
100 |a Peraza Guzmán, Armando  |e (autor) 
245 1 0 |a Reforma educativa, vía para la transformación.  |b Propuesta desarrollada en torno a un estudio de caso en el estado de Yucatán. 
264 |a México:  |b UPN,  |c 2002. 
300 |a 251 p. 
336 |a texto  |b txt  |2 rdacontenido 
337 |a sin mediación  |b n  |2 rdamedio 
338 |a volumen  |b nc  |2 rdasoporte 
440 1 |a (Educación; 23) 
649 |a XX 
650 |a Educación 
650 |a Reforma educativa 
650 |a Política educativa 
650 |a Países en vías de desarrollo 
910 |a Fondo Centro de Estudios Educativos 
920 |a Impresos - Libros 
930 |a Fondos Especiales 
905 |a 133 
901 |a ALE071066  |b IT2  |c CEE  |u 20250521 
902 |a https://opac.biblio.iteso.mx/vufind/Record/000518498